000
00307nam a2200133Ia 4500
005
20251222141844.0
008
251222s9999||||xx |||||||||||||| ||spa||
020
_a
950-537-194-2
082
_a
658.409.2/E94
100
_a
Etchevarne, Carlos
245
0
_a
Calidad Gerencial
264
_b
Macchi
942
_c
LIB
999
_c
7515
_d
7515